La actuación léxico-semántica de la prefijación verbal

Uložené v:
Podrobná bibliografia
Hlavný autor: Sánchez Presa, Mónica
Médium: Kapitola
Jazyk:Spanish
Tagy: Pridať tag
Žiadne tagy, Buďte prvý, kto otaguje tento záznam!

MARC

LEADER 00000naa$a2200000$$$4500
001 0168049
005 20240502072929.5
041 0 |a spa 
044 |a SK 
245 1 0 |a La actuación léxico-semántica de la prefijación verbal  |c Mónica Sánchez Presa 
100 1 |a Sánchez Presa, Mónica